1429 1733 1207 1814 1410 1663 1810 1365 1984 1065 1593 1078 1707 1940 1224 1969 1947 1769 1439 1394 1014 1390 1048 1883 1094 1077 1000 1032 1950 1679 1148 1828 1348 1249 1180 1636 1701 1018 1781 1781 1851 1563 1014 1559 1567 1138 1885 1811 1564 1020 1704 1939 1682 1153 1859 1337 1792 1561 1495 1771 1358 1777 1876 1476 1647 1183 1152 1755 1079 1297 1843 1648 1535 1441 1328 1090 1120 1929 1453 1436 1901 1450 1741 1887 1114 1759 1819 1592 1614 1383 1244 1627 1339 1361 1960 1893 1416 1913 1548 BCNSPRNW ULIB Ver.6.0+V

เปลี่ยนเป็นภาษาไทย

Change to English
 แสดงรายละเอียดบรรณานุกรม
  กลับหน้าหลัก

Brief Record : Get Marc (ISO 2709) : E-mail record : QR code < ปิดหน้าต่าง
LEADER : 00000nam 2200000uu 4500
001    13399128171
003     ULIB
008    220802s2564||||th 000 0 tha d
020    ^a9786168290033
050    ^aนว.^bภ382ป
100  0 ^aภัสรสา
245  1 ^aปราการแสงจันทร์ /^cภัสรสา
250    ^aพิมพ์ครั้งที่ 1
260    ^aกรุงเทพฯ :^bภัสรสา พับลิชชิ่ง,^c2564
300    ^a542 หน้า
650    ^aนวนิยายไทย
945    ^p485^l0^i009260
999    ^aประนอม เกษจรัล
รายการนี้ยังไม่มีแท็ก
คุณยังไม่ได้ล็อกอิน คุณสามารถมีกิจกรรมร่วมกับเว็บไซต์ได้ แต่ต้องล็อกอินก่อน ::
  ล็อกอิน

รายการสื่อสารสนเทศ

ลำดับที่ ประเภท เลขเรียก/บาร์โค้ด สถานที่ สถานะ
1. นวนิยาย
นวนิยาย
นว. ภ382ป ฉ.1 
  Barcode: 009260
ห้องสมุดวิทยาเขตนครสวรรค์
►นวนิยาย:l:Fiction
บนชั้น

รายการใกล้เคียง
    ผู้แต่ง [ภัสรสา]

    หัวเรื่อง [นวนิยายไทย]

BibComment


ยังไม่เคยถูกคอมเมนท์

คอมเมนท์ทรัพยากรรายการนี้
  คอมเมนท์: ปราการแสงจันทร์ ..


 Copyright 2026. Bcnsprnw @Library